Planning Policy Statement 4 (Record no. 110356)

MARC details
000 -LEADER
fixed length control field 01621cad a22002535a 4500
001 - CONTROL NUMBER
control field L149062
008 - FIXED-LENGTH DATA ELEMENTS--GENERAL INFORMATION
fixed length control field 091231s2009 xxk f 000 0 eng d
020 ## - INTERNATIONAL STANDARD BOOK NUMBER
International Standard Book Number 9780117540880
035 ## - SYSTEM CONTROL NUMBER
System control number (Sirsi) u149062
041 0# - LANGUAGE CODE
Language code of text/sound track or separate title eng
050 04 - LIBRARY OF CONGRESS CALL NUMBER
Classification number 711.1 $2 18
110 2# - MAIN ENTRY--CORPORATE NAME
Corporate name or jurisdiction name as entry element United Kingdom
Subordinate unit Department for Communities and Local Government
9 (RLIN) 4939
245 00 - TITLE STATEMENT
Title Planning Policy Statement 4
Remainder of title Planning for sustainable economic growth
Medium [electronic resource]
260 ## - PUBLICATION, DISTRIBUTION, ETC.
Place of publication, distribution, etc. London
Name of publisher, distributor, etc. DCLG
Date of publication, distribution, etc. 2009
505 2# - FORMATTED CONTENTS NOTE
Formatted contents note Introduction -- Using evidence -- Planning making policies -- Monitoring -- Development management policies
520 ## - SUMMARY, ETC.
Summary, etc. A planning policy framework for sustainable economic development in urban and rural areas including town centres. Defines economic development outlining the types of schemes covered. Annexe A lists cancelled policy and guidance. Annexe B definitions, Annexe C compiling the evidence base and Annexe D Town Centre Health Check indicator.
520 ## - SUMMARY, ETC.
Summary, etc. Replaces Planning Policy Guidance 4: Industrial, Commercial Development and Small Firms; Planning Policy Guidance 5: Simplified Planning Zones; Planning Policy Statement 6: Planning for Town Centres (PPS6) and the economic development sections of Planning Policy Statement 7: Sustainable Development in Rural Areas.
521 ## - TARGET AUDIENCE NOTE
Target audience note ADVANCED
590 ## - LOCAL NOTE (RLIN)
Local note KA NTK
651 #4 - SUBJECT ADDED ENTRY--GEOGRAPHIC NAME
Geographic name ENGLAND AND WALES
690 ## - LOCAL SUBJECT ADDED ENTRY--TOPICAL TERM (OCLC, RLIN)
Topical term or geographic name as entry element ENVIRONMENTAL AND LAND CONSULTANCY-PLANNING AND DEVELOPMENT
856 40 - ELECTRONIC LOCATION AND ACCESS
Uniform Resource Identifier <a href="https://www.communities.gov.uk/documents/planningandbuilding/pdf/planningpolicystatement4.pdf">https://www.communities.gov.uk/documents/planningandbuilding/pdf/planningpolicystatement4.pdf</a>
Public note view the item free of charge at www.communities.gov.uk
942 ## - ADDED ENTRY ELEMENTS (KOHA)
Suppress in OPAC 0
Holdings
Withdrawn status Lost status Source of classification or shelving scheme Damaged status Not for loan Home library Current library Shelving location Date acquired Total Checkouts Full call number Barcode Date last seen Copy number Price effective from Koha item type
    Dewey Decimal Classification     Virtual Virtual Online 04/01/2010   ONLINE PUBLICATION 149062-5001 06/08/2019 1 06/08/2019 Book